Acción Cultural Popular-Escuela Radiofónicas ACPO : (Record no. 288)
[ view plain ]
| 000 -CABECERA | |
|---|---|
| campo de control de longitud fija | 00692nam a2200193 a 4500 |
| 005 - FECHA Y HORA DE LA ÚLTIMA TRANSACCIÓN | |
| campo de control | 20210223120412.0 |
| 008 - ELEMENTOS DE LONGITUD FIJA--INFORMACIÓN GENERAL | |
| campo de control de longitud fija | 991125s1959 cl 000 0 spa u |
| 035 ## - NÚMERO DE CONTROL DEL SISTEMA | |
| Número de control de sistema | UPN01000000288 |
| 049 ## - COLECCIÓN | |
| Colección | CG |
| 050 #4 - SIGNATURA TOPOGRÁFICA DE LA BIBLIOTECA DEL CONGRESO | |
| Número de clasificación | LC6581 C71 |
| Número de documento/Ítem | F4.2 |
| 100 1# - ASIENTO PRINCIPAL--NOMBRE PERSONAL | |
| Nombre de persona | Ferrer, Martín S. |
| 245 10 - MENCIÓN DE TÍTULO | |
| Título | Acción Cultural Popular-Escuela Radiofónicas ACPO : |
| Resto del título | estudio y evaluación de las escuelas radiofónicas rurales / |
| Mención de responsabilidad, etc. | Martín S. Ferrer. |
| 260 ## - PUBLICACIÓN, DISTRIBUCIÓN, ETC. | |
| Lugar de publicación, distribución, etc. | Bogotá : |
| Nombre del editor, distribuidor, etc. | UNESCO, |
| Fecha de publicación, distribución, etc. | 1959. |
| 300 ## - DESCRIPCIÓN FÍSICA | |
| Extensión | 103, [12] p. + 1 hoja suelta |
| 500 ## - NOTA GENERAL | |
| Nota general | A la cabeza de la cubierta: Escuelas radiofónicas de Sutatenza |
| 650 #4 - ASIENTO SECUNDARIO DE MATERIA - TERMINO TEMATICO | |
| Término de materia o nombre geográfico como elemento de entrada | ESCUELAS RURALES - |
| Subdivisión geográfica | COLOMBIA |
| 9 (RLIN) | 11020 |
| 650 #4 - ASIENTO SECUNDARIO DE MATERIA - TERMINO TEMATICO | |
| Término de materia o nombre geográfico como elemento de entrada | RADIO EN LA EDUCACION PRIMARIA |
| 905 ## - TIPO DE MATERIAL | |
| Tipo de material | Libro |
| Estado de retiro | Estado de pérdida | Fuente del sistema de clasificación o colocación | Estado dañado | No para préstamo | Código de colección | Localización permanente | Ubicación/localización actual | Ubicación en estantería | Total de préstamos | Clasificación | Código de barras | Fecha visto por última vez | Número de copia | Tipo de ítem Koha |
|---|---|---|---|---|---|---|---|---|---|---|---|---|---|---|
| Library of Congress Classification | Colección General | Bib. Gregorio Torres Quintero | Bib. Gregorio Torres Quintero | Planta baja | 1 | LC6581 C71 F4.2 | 41427 | 31/12/2020 | 1 | Libro | ||||
| Library of Congress Classification | Colección General | Bib. Gregorio Torres Quintero | Bib. Gregorio Torres Quintero | Planta baja | 1 | LC6581 C71 F4.2 | 11092 | 31/12/2020 | 1 | Libro |
